00647nam a22001217a 4500008004100000020001500041050002900056245032000085260004200405300002200447440003800469800001800507140819b xxu||||| |||| 00| 0 eng d a0406091242 aKD276.3.L39(1888 vol.39) aThe Law Reports (1888 vol.39) Chancery division: Under the Superintendence and control of the Incorporated council of law reporting for England and wales. Supreme court of Judicature. Cases determined in the Chancery Division and in Lunacy, and on appeal therefrom in the Court of appeal. /cEdited by: G.W Hemming. aLondon:bButterworth & co ltd.,c1888 aXii,696p.:c24cm. pChancery Division.vVol.xxxix(39) aHemming, G. W